000 00498nam a2200193 a 4500
001 000030322
003 DO-SdBNP
005 20220128111135.0
007 ta
008 110510s1926 dr 000 0 spa d
040 _aDO-SdBNP
_bspa
_cBNPHU
049 _aBNPD
082 _bT266f
100 1 _aTejada, Valentín
_956986
245 1 0 _aFlorilegio de poetas libres /
_cValentín Tejada.
260 _aSanto Domingo :
_bE. M. Casanova N.,
_c1926.
300 _a27 p. ;
_c15 cm.
942 _2ddc
_cLBS1
999 _c29814
_d29814